[Event "DVM U14 2023"]
[Site "Magdeburg GER"]
[Date "2023.12.30"]
[Round "7"]
[White "Burlutskaia, Maria"]
[Black "Akladius, Kyrillus"]
[Result "1-0"]
[Termination "normal"]
[Board "8.2"]
[WhiteElo "1771"]
[BlackElo "1342"]
[WhiteClock "00:38:22"]
[BlackClock "00:56:32"]
[WhiteTeam "SG Porz"]
[BlackTeam "SK König Plauen"]
[PlyCount "57"]
[WhiteFideId "34607137"]
[BlackFideId "16267036"]
[EventCountry "GER"]
[EventRounds "7"]
[EventType "team-swiss"]
[EventDate "2023.12.26"]

1. e4 {[%clk 01:30:59]} {[%emt 12:27:06]} c5 {[%clk 01:30:57]} {[%emt
00:00:03]} 2. Nc3 {[%clk 01:31:24]} {[%emt 00:00:05]} Nc6 {[%clk 01:31:25]}
{[%emt 00:00:02]} 3. f4 {[%clk 01:31:47]} {[%emt 00:00:06]} e6 {[%clk
01:31:47]} {[%emt 00:00:09]} 4. Nf3 {[%clk 01:32:09]} {[%emt 00:00:08]} g6
{[%clk 01:31:47]} {[%emt 00:00:30]} 5. Bb5 {[%clk 01:32:35]} {[%emt 00:00:04]}
Bg7 {[%clk 01:32:10]} {[%emt 00:00:06]} 6. Bxc6 {[%clk 01:33:00]} {[%emt
00:00:05]} bxc6 {[%clk 01:32:36]} {[%emt 00:00:04]} 7. d3 {[%clk 01:33:25]}
{[%emt 00:00:05]} d5 {[%clk 01:32:48]} {[%emt 00:00:18]} 8. O-O {[%clk
01:30:01]} {[%emt 00:03:53]} Ne7 {[%clk 01:32:32]} {[%emt 00:00:46]} 9. Qe1
{[%clk 01:29:44]} {[%emt 00:00:47]} O-O {[%clk 01:32:38]} {[%emt 00:00:24]} 10.
Qh4 {[%clk 01:29:53]} {[%emt 00:00:20]} Ba6 {[%clk 01:31:11]} {[%emt 00:01:57]}
11. Bd2 {[%clk 01:29:21]} {[%emt 00:01:02]} Nc8 {[%clk 01:30:13]} {[%emt
00:01:28]} 12. Qh3 {[%clk 01:28:20]} {[%emt 00:01:30]} Nd6 {[%clk 01:29:00]}
{[%emt 00:01:44]} 13. e5 {[%clk 01:24:16]} {[%emt 00:04:33]} Nf5 {[%clk
01:24:16]} {[%emt 00:05:25]} 14. g4 {[%clk 01:24:34]} {[%emt 00:00:02]} Ne7
{[%clk 01:24:05]} {[%emt 00:00:41]} 15. Ng5 {[%clk 01:21:40]} {[%emt 00:03:24]}
h6 {[%clk 01:23:46]} {[%emt 00:00:49]} 16. Nf3 {[%clk 01:22:01]} {[%emt
00:00:08]} Rb8 {[%clk 01:21:15]} {[%emt 00:03:02]} 17. Rab1 {[%clk 01:21:48]}
{[%emt 00:00:42]} c4 {[%clk 01:20:19]} {[%emt 00:01:26]} 18. d4 {[%clk
01:20:19]} {[%emt 00:01:58]} Qc7 {[%clk 01:19:47]} {[%emt 00:01:02]} 19. Rf2
{[%clk 01:16:25]} {[%emt 00:04:25]} c5 {[%clk 01:19:21]} {[%emt 00:00:55]} 20.
Be3 {[%clk 01:15:51]} {[%emt 00:01:04]} cxd4 {[%clk 01:17:23]} {[%emt
00:02:28]} 21. Nxd4 {[%clk 01:15:58]} {[%emt 00:00:22]} Kh7 {[%clk 01:14:13]}
{[%emt 00:03:40]} 22. Nce2 {[%clk 00:59:49]} {[%emt 00:16:39]} Rh8 {[%clk
01:11:28]} {[%emt 00:03:16]} 23. f5 {[%clk 00:52:27]} {[%emt 00:07:52]} Bxe5
{[%clk 01:05:47]} {[%emt 00:06:11]} 24. fxe6 {[%clk 00:52:01]} {[%emt
00:00:55]} f6 {[%clk 01:05:01]} {[%emt 00:01:16]} 25. Nf3 {[%clk 00:41:43]}
{[%emt 00:10:47]} Kg7 {[%clk 01:03:28]} {[%emt 00:02:03]} 26. Nxe5 {[%clk
00:41:13]} {[%emt 00:01:00]} fxe5 {[%clk 00:56:37]} {[%emt 00:07:20]} 27. Bxh6+
{[%clk 00:39:12]} {[%emt 00:02:32]} Kg8 {[%clk 00:56:14]} {[%emt 00:00:53]} 28.
Rbf1 {[%clk 00:38:50]} {[%emt 00:00:51]} Qc8 {[%clk 00:56:32]} {[%emt
00:00:13]} 29. Rf7 {[%clk 00:38:22]} {[%emt 00:00:57]} 1-0

[Event "DVM U14 2023"]
[Site "Magdeburg GER"]
[Date "2023.12.30"]
[Round "7"]
[White "Rühmer, Nico"]
[Black "Blomer, Moritz"]
[Result "1/2-1/2"]
[Termination "normal"]
[Board "8.3"]
[WhiteElo "1595"]
[BlackElo "1761"]
[WhiteClock "00:09:38"]
[BlackClock "00:04:25"]
[WhiteTeam "SK König Plauen"]
[BlackTeam "SG Porz"]
[PlyCount "72"]
[WhiteFideId "34640339"]
[BlackFideId "34608370"]
[EventCountry "GER"]
[EventRounds "7"]
[EventType "team-swiss"]
[EventDate "2023.12.26"]

1. e4 {[%clk 01:14:58]} {[%emt 00:00:28]} c6 {[%clk 01:30:53]} {[%emt
00:00:06]} 2. d4 {[%clk 01:15:21]} {[%emt 00:00:08]} d5 {[%clk 01:31:15]}
{[%emt 00:00:08]} 3. exd5 {[%clk 01:15:44]} {[%emt 00:00:07]} cxd5 {[%clk
01:31:37]} {[%emt 00:00:07]} 4. Bd3 {[%clk 01:16:06]} {[%emt 00:00:07]} Nc6
{[%clk 01:31:57]} {[%emt 00:00:10]} 5. c3 {[%clk 01:16:30]} {[%emt 00:00:06]}
Nf6 {[%clk 01:32:18]} {[%emt 00:00:09]} 6. Nf3 {[%clk 01:16:45]} {[%emt
00:00:15]} Bg4 {[%clk 01:32:37]} {[%emt 00:00:11]} 7. h3 {[%clk 01:17:11]}
{[%emt 00:00:05]} Bh5 {[%clk 01:32:56]} {[%emt 00:00:11]} 8. Bf4 {[%clk
01:17:32]} {[%emt 00:00:08]} e6 {[%clk 01:33:07]} {[%emt 00:00:19]} 9. O-O
{[%clk 01:17:51]} {[%emt 00:00:12]} Bd6 {[%clk 01:32:28]} {[%emt 00:01:09]} 10.
Bxd6 {[%clk 01:18:13]} {[%emt 00:00:08]} Qxd6 {[%clk 01:32:49]} {[%emt
00:00:08]} 11. Nbd2 {[%clk 01:18:34]} {[%emt 00:00:10]} Bg6 {[%clk 01:30:11]}
{[%emt 00:03:09]} 12. Qe2 {[%clk 01:14:08]} {[%emt 00:04:55]} Bxd3 {[%clk
01:28:10]} {[%emt 00:02:31]} 13. Qxd3 {[%clk 01:14:30]} {[%emt 00:00:08]} O-O
{[%clk 01:28:22]} {[%emt 00:00:19]} 14. Rfe1 {[%clk 01:14:47]} {[%emt
00:00:12]} Rab8 {[%clk 01:26:17]} {[%emt 00:02:35]} 15. a4 {[%clk 01:12:15]}
{[%emt 00:03:02]} Rfc8 {[%clk 01:24:03]} {[%emt 00:03:03]} 16. Ne5 {[%clk
01:10:52]} {[%emt 00:01:34]} Nd7 {[%clk 01:18:20]} {[%emt 00:06:12]} 17. Ndf3
{[%clk 01:10:25]} {[%emt 00:00:57]} Nf8 {[%clk 01:12:06]} {[%emt 00:06:44]} 18.
Re3 {[%clk 01:00:51]} {[%emt 00:10:03]} f6 {[%clk 01:10:45]} {[%emt 00:01:52]}
19. Nxc6 {[%clk 00:54:21]} {[%emt 00:06:59]} Qxc6 {[%clk 01:09:32]} {[%emt
00:01:43]} 20. a5 {[%clk 00:44:46]} {[%emt 00:10:04]} Qc4 {[%clk 01:05:49]}
{[%emt 00:04:14]} 21. Qe2 {[%clk 00:40:28]} {[%emt 00:04:49]} Qxe2 {[%clk
01:00:16]} {[%emt 00:06:03]} 22. Rxe2 {[%clk 00:40:56]} {[%emt 00:00:02]} Ra8
{[%clk 01:00:45]} 23. Ne1 {[%clk 00:39:25]} {[%emt 00:02:01]} Kf7 {[%clk
01:00:04]} {[%emt 00:01:11]} 24. Nd3 {[%clk 00:38:49]} {[%emt 00:01:06]} g5
{[%clk 00:55:37]} {[%emt 00:05:25]} 25. f4 {[%clk 00:37:26]} {[%emt 00:01:54]}
h6 {[%clk 00:55:07]} {[%emt 00:01:01]} 26. Rf1 {[%clk 00:31:25]} {[%emt
00:06:31]} Re8 {[%emt 00:18:37]} 27. g4 {[%clk 00:28:32]} {[%emt 00:00:02]}
gxf4 {[%clk 00:32:37]} {[%emt 00:08:14]} 28. Rxf4 {[%clk 00:28:19]} {[%emt
00:00:42]} Nh7 {[%clk 00:31:35]} {[%emt 00:01:33]} 29. Ref2 {[%clk 00:25:54]}
{[%emt 00:02:56]} Ke7 {[%clk 00:29:39]} {[%emt 00:02:26]} 30. Kh2 {[%clk
00:21:17]} {[%emt 00:05:06]} Rf8 {[%clk 00:27:08]} {[%emt 00:03:01]} 31. Re2
{[%clk 00:18:43]} {[%emt 00:03:05]} b6 {[%clk 00:25:06]} {[%emt 00:02:30]} 32.
a6 {[%clk 00:18:08]} {[%emt 00:01:06]} Ng5 {[%clk 00:22:51]} {[%emt 00:02:46]}
33. Nf2 {[%clk 00:15:13]} {[%emt 00:03:24]} Nf7 {[%clk 00:21:44]} {[%emt
00:01:38]} 34. Nd3 {[%clk 00:13:17]} {[%emt 00:02:23]} Nd6 {[%clk 00:20:06]}
{[%emt 00:02:10]} 35. h4 {[%clk 00:10:51]} {[%emt 00:02:56]} Nc4 {[%clk
00:17:06]} {[%emt 00:03:29]} 36. Nb4 {[%clk 00:09:38]} {[%emt 00:01:43]} Kd6
{[%clk 00:04:25]} {[%emt 00:13:12]} 1/2-1/2

[Event "DVM U14 2023"]
[Site "Magdeburg GER"]
[Date "2023.12.30"]
[Round "7"]
[White "Mohebbi, Sam"]
[Black "Akladius, Antonius"]
[Result "1-0"]
[Termination "normal"]
[Board "8.4"]
[WhiteElo "1567"]
[BlackElo "1137"]
[WhiteClock "01:10:43"]
[BlackClock "00:37:01"]
[WhiteTeam "SG Porz"]
[BlackTeam "SK König Plauen"]
[PlyCount "49"]
[WhiteFideId "34607293"]
[BlackFideId "16289153"]
[EventCountry "GER"]
[EventRounds "7"]
[EventType "team-swiss"]
[EventDate "2023.12.26"]

1. e4 {[%clk 01:30:58]} {[%emt 00:00:02]} c5 {[%clk 01:14:54]} {[%emt
00:01:44]} 2. Nf3 {[%clk 01:30:51]} {[%emt 00:00:36]} e6 {[%clk 01:15:18]}
{[%emt 00:00:06]} 3. d4 {[%clk 01:31:17]} {[%emt 00:00:05]} cxd4 {[%clk
01:15:44]} {[%emt 00:00:04]} 4. Nxd4 {[%clk 01:31:42]} {[%emt 00:00:05]} Nc6
{[%clk 01:16:09]} {[%emt 00:00:06]} 5. Nc3 {[%clk 01:30:32]} {[%emt 00:01:38]}
a6 {[%clk 01:16:17]} {[%emt 00:00:23]} 6. Be2 {[%clk 01:30:23]} {[%emt
00:00:39]} Qc7 {[%clk 01:16:39]} {[%emt 00:00:09]} 7. O-O {[%clk 01:29:21]}
{[%emt 00:01:31]} Nf6 {[%clk 01:16:40]} {[%emt 00:00:29]} 8. Be3 {[%clk
01:27:34]} {[%emt 00:02:17]} Be7 {[%clk 01:13:56]} {[%emt 00:03:13]} 9. Kh1
{[%clk 01:24:10]} {[%emt 00:03:55]} b5 {[%clk 01:12:02]} {[%emt 00:02:25]} 10.
a3 {[%clk 01:22:38]} {[%emt 00:02:03]} Bb7 {[%clk 01:11:43]} {[%emt 00:00:48]}
11. f4 {[%clk 01:22:06]} {[%emt 00:01:01]} d6 {[%clk 01:09:07]} {[%emt
00:03:08]} 12. Qd2 {[%clk 01:17:27]} {[%emt 00:05:09]} Rd8 {[%clk 01:07:01]}
{[%emt 00:02:33]} 13. Rf3 {[%clk 01:16:21]} {[%emt 00:01:38]} e5 {[%clk
01:05:50]} {[%emt 00:01:41]} 14. Nf5 {[%clk 01:16:35]} {[%emt 00:00:16]} O-O
{[%clk 01:00:39]} {[%emt 00:05:41]} 15. Rg3 {[%clk 01:16:26]} {[%emt 00:00:39]}
g6 {[%clk 01:00:48]} {[%emt 00:00:21]} 16. Nh6+ {[%clk 01:15:48]} {[%emt
00:01:08]} Kh8 {[%clk 01:00:54]} {[%emt 00:00:25]} 17. f5 {[%clk 01:16:02]}
{[%emt 00:00:16]} Ng8 {[%clk 00:55:15]} {[%emt 00:06:09]} 18. Nd5 {[%clk
01:13:22]} {[%emt 00:03:10]} Qd7 {[%clk 00:53:32]} {[%emt 00:02:05]} 19. Nxg8
{[%clk 01:13:06]} {[%emt 00:00:53]} Rxg8 {[%clk 00:53:49]} {[%emt 00:00:13]}
20. f6 {[%clk 01:13:32]} {[%emt 00:00:05]} Bf8 {[%clk 00:50:22]} {[%emt
00:03:57]} 21. Bg4 {[%clk 01:11:53]} {[%emt 00:02:08]} Qxg4 {[%clk 00:45:23]}
{[%emt 00:05:29]} 22. Rxg4 {[%clk 01:12:10]} {[%emt 00:00:14]} Bc8 {[%clk
00:38:59]} {[%emt 00:06:54]} 23. Rh4 {[%clk 01:11:07]} {[%emt 00:01:32]} h5
{[%clk 00:37:48]} {[%emt 00:01:41]} 24. Bh6 {[%clk 01:10:50]} {[%emt 00:00:48]}
g5 {[%clk 00:37:01]} {[%emt 00:01:16]} 25. Rxh5 {[%clk 01:10:43]} {[%emt
00:00:36]} 1-0

[Event "DVM U14 2023"]
[Site "Magdeburg GER"]
[Date "2023.12.30"]
[Round "7"]
[White "Fischer, Lorenz"]
[Black "Goldmann, David"]
[Result "1/2-1/2"]
[Termination "normal"]
[Board "9.1"]
[WhiteElo "1630"]
[BlackElo "1925"]
[WhiteClock "00:23:09"]
[BlackClock "01:15:44"]
[WhiteTeam "SF Tegernheim"]
[BlackTeam "Hamburger SK 1830"]
[PlyCount "54"]
[WhiteFideId "16296710"]
[BlackFideId "16268920"]
[EventCountry "GER"]
[EventRounds "7"]
[EventType "team-swiss"]
[EventDate "2023.12.26"]

1. d4 {[%clk 01:30:58]} {[%emt 00:00:02]} Nf6 {[%clk 01:30:59]} {[%emt
00:00:01]} 2. Bg5 {[%clk 01:31:19]} {[%emt 00:00:10]} Ne4 {[%clk 01:31:19]}
{[%emt 00:00:09]} 3. Bh4 {[%clk 01:31:37]} {[%emt 00:00:13]} d5 {[%clk
01:31:38]} {[%emt 00:00:11]} 4. e3 {[%clk 01:31:45]} {[%emt 00:00:22]} c6
{[%clk 01:31:12]} {[%emt 00:00:55]} 5. c4 {[%clk 01:31:28]} {[%emt 00:00:47]}
Qa5+ {[%clk 01:30:11]} {[%emt 00:01:31]} 6. Nd2 {[%clk 01:31:15]} {[%emt
00:00:43]} e5 {[%clk 01:30:40]} {[%emt 00:00:01]} 7. a3 {[%clk 01:29:38]}
{[%emt 00:02:08]} Nxd2 {[%clk 01:20:59]} {[%emt 00:10:12]} 8. Qxd2 {[%clk
01:29:59]} {[%emt 00:00:08]} Qxd2+ {[%clk 01:21:23]} {[%emt 00:00:06]} 9. Kxd2
{[%clk 01:30:27]} {[%emt 00:00:02]} exd4 {[%clk 01:21:18]} {[%emt 00:00:35]}
10. exd4 {[%clk 01:30:50]} {[%emt 00:00:07]} Be6 {[%clk 01:21:43]} {[%emt
00:00:05]} 11. c5 {[%clk 01:25:24]} {[%emt 00:07:08]} Nd7 {[%clk 01:21:17]} 12.
Re1 {[%clk 01:17:25]} {[%emt 00:08:13]} g6 {[%clk 01:19:15]} {[%emt 00:02:33]}
13. Nf3 {[%clk 01:12:34]} {[%emt 00:05:21]} Bh6+ {[%clk 01:18:07]} {[%emt
00:01:37]} 14. Bg5 {[%clk 01:06:34]} {[%emt 00:06:29]} Bxg5+ {[%clk 01:18:03]}
{[%emt 00:00:35]} 15. Nxg5 {[%clk 01:06:52]} {[%emt 00:00:13]} Ke7 {[%clk
01:18:29]} {[%emt 00:00:04]} 16. Nxe6 {[%clk 01:02:38]} {[%emt 00:04:43]} fxe6
{[%clk 01:18:56]} {[%emt 00:00:02]} 17. g3 {[%clk 00:59:09]} {[%emt 00:04:01]}
Kf7 {[%emt 00:01:54]} 18. Bh3 {[%clk 00:52:43]} {[%emt 00:06:54]} Rhe8 {[%clk
01:17:56]} {[%emt 00:00:06]} 19. Re3 {[%clk 00:51:06]} {[%emt 00:02:08]} Re7
{[%clk 01:16:41]} {[%emt 00:01:45]} 20. Rhe1 {[%clk 00:43:27]} {[%emt
00:08:09]} Rae8 {[%clk 01:16:45]} {[%emt 00:00:31]} 21. b4 {[%clk 00:41:42]}
{[%emt 00:02:10]} h5 {[%clk 01:16:38]} {[%emt 00:00:37]} 22. a4 {[%clk
00:36:14]} {[%emt 00:05:59]} g5 {[%clk 01:16:57]} {[%emt 00:00:11]} 23. f3
{[%clk 00:34:35]} {[%emt 00:02:09]} Nf6 {[%emt 00:10:10]} 24. Bf1 {[%clk
00:23:50]} {[%emt 00:02:36]} Nd7 {[%emt 00:01:32]} 25. Bh3 {[%clk 00:22:54]}
{[%emt 00:01:03]} Nf6 {[%clk 01:15:31]} 26. Bf1 {[%clk 00:23:19]} {[%emt
00:00:20]} g4 {[%clk 01:15:59]} 27. f4 {[%clk 00:23:09]} {[%emt 00:00:42]} Ne4+
{[%clk 01:15:44]} {[%emt 00:00:52]} 1/2-1/2

[Event "DVM U14 2023"]
[Site "Magdeburg GER"]
[Date "2023.12.30"]
[Round "7"]
[White "Lu, Yunong Elias"]
[Black "Wittmann, Felix"]
[Result "0-1"]
[Termination "normal"]
[Board "9.2"]
[WhiteElo "1809"]
[BlackElo "1497"]
[WhiteClock "01:10:01"]
[BlackClock "00:17:54"]
[WhiteTeam "Hamburger SK 1830"]
[BlackTeam "SF Tegernheim"]
[PlyCount "112"]
[WhiteFideId "16276426"]
[BlackFideId "34650784"]
[EventCountry "GER"]
[EventRounds "7"]
[EventType "team-swiss"]
[EventDate "2023.12.26"]

1. e4 {[%clk 01:30:59]} c5 {[%clk 01:30:54]} {[%emt 00:00:07]} 2. Be2 {[%clk
01:31:19]} {[%emt 00:00:10]} Nc6 {[%clk 01:31:12]} {[%emt 00:00:11]} 3. f4
{[%clk 01:31:36]} {[%emt 00:00:12]} g6 {[%clk 01:30:10]} {[%emt 00:01:33]} 4.
c3 {[%clk 01:31:56]} {[%emt 00:00:11]} Bg7 {[%clk 01:30:03]} {[%emt 00:00:36]}
5. Nf3 {[%clk 01:32:16]} {[%emt 00:00:10]} e6 {[%clk 01:24:48]} {[%emt
00:05:46]} 6. O-O {[%clk 01:32:35]} {[%emt 00:00:10]} Nge7 {[%clk 01:23:37]}
{[%emt 00:01:42]} 7. d3 {[%clk 01:32:21]} {[%emt 00:00:44]} O-O {[%clk
01:23:12]} {[%emt 00:00:55]} 8. Be3 {[%clk 01:32:43]} {[%emt 00:00:08]} b6
{[%clk 01:23:12]} {[%emt 00:00:31]} 9. Nbd2 {[%clk 01:31:46]} {[%emt 00:01:26]}
Bb7 {[%clk 01:22:47]} {[%emt 00:00:55]} 10. Qe1 {[%clk 01:31:57]} {[%emt
00:00:18]} d5 {[%clk 01:20:47]} {[%emt 00:02:32]} 11. Qh4 {[%clk 01:30:15]}
{[%emt 00:02:10]} d4 {[%clk 01:06:05]} {[%emt 00:15:14]} 12. Bf2 {[%clk
01:25:41]} {[%emt 00:05:03]} Nc8 {[%clk 00:51:52]} {[%emt 00:14:44]} 13. Qh3
{[%clk 01:25:04]} {[%emt 00:01:06]} Nd6 {[%clk 00:47:16]} {[%emt 00:05:07]} 14.
cxd4 {[%clk 01:25:02]} {[%emt 00:00:31]} Nxd4 {[%emt 00:00:16]} 15. Nxd4 {[%clk
01:25:19]} {[%emt 00:00:11]} cxd4 {[%clk 00:47:43]} {[%emt 00:00:20]} 16. Nf3
{[%clk 01:20:07]} {[%emt 00:05:42]} Nc8 {[%clk 00:45:58]} {[%emt 00:02:15]} 17.
Bh4 {[%clk 01:18:38]} {[%emt 00:01:58]} Qe8 {[%clk 00:44:18]} {[%emt 00:02:11]}
18. Rac1 {[%clk 01:16:47]} {[%emt 00:02:20]} Ne7 {[%clk 00:44:12]} {[%emt
00:00:37]} 19. Rc7 {[%emt 00:01:08]} Nc6 {[%clk 00:43:29]} {[%emt 00:00:29]}
20. Rxb7 {[%clk 01:17:12]} {[%emt 00:00:11]} Qc8 {[%clk 00:43:26]} {[%emt
00:00:34]} 21. Re7 {[%clk 01:17:10]} {[%emt 00:00:32]} Nxe7 {[%clk 00:43:45]}
{[%emt 00:00:11]} 22. Bxe7 {[%clk 01:17:18]} {[%emt 00:00:21]} Re8 {[%clk
00:44:02]} {[%emt 00:00:12]} 23. Ba3 {[%clk 01:17:07]} {[%emt 00:00:41]} Qb7
{[%clk 00:42:34]} {[%emt 00:01:59]} 24. e5 {[%clk 01:17:17]} {[%emt 00:00:21]}
Rac8 {[%clk 00:42:17]} {[%emt 00:00:47]} 25. Nxd4 {[%clk 01:17:12]} {[%emt
00:00:34]} Qd5 {[%clk 00:41:18]} {[%emt 00:01:29]} 26. Nf3 {[%clk 01:17:10]}
{[%emt 00:00:32]} Qxa2 {[%clk 00:40:41]} {[%emt 00:01:08]} 27. Ng5 {[%clk
01:17:33]} {[%emt 00:00:07]} h6 {[%clk 00:41:01]} {[%emt 00:00:11]} 28. Ne4
{[%clk 01:17:59]} {[%emt 00:00:04]} Red8 {[%clk 00:39:49]} {[%emt 00:01:42]}
29. Be7 {[%clk 01:17:10]} {[%emt 00:01:19]} Rd4 {[%clk 00:39:40]} {[%emt
00:00:39]} 30. Nf6+ {[%clk 01:17:26]} {[%emt 00:00:12]} Kh8 {[%clk 00:40:01]}
{[%emt 00:00:10]} 31. Qe3 {[%emt 00:02:01]} Ra4 {[%clk 00:38:01]} {[%emt
00:02:24]} 32. Bb4 {[%emt 00:00:14]} Bxf6 {[%clk 00:37:13]} {[%emt 00:01:19]}
33. Ba3 {[%clk 01:16:31]} Qc4 34. exf6 Qd5 {[%clk 00:37:12]} 35. Rc1 {[%clk
01:16:08]} {[%emt 00:00:55]} Rxc1+ {[%clk 00:36:53]} {[%emt 00:00:49]} 36. Qxc1
{[%clk 01:16:36]} {[%emt 00:00:02]} Qd4+ {[%clk 00:37:11]} {[%emt 00:00:12]}
37. Kh1 {[%clk 01:16:04]} {[%emt 00:01:01]} Qxf6 {[%clk 00:35:50]} {[%emt
00:01:52]} 38. Bd6 {[%clk 01:16:23]} {[%emt 00:00:11]} Qd8 {[%clk 00:34:38]}
{[%emt 00:01:42]} 39. Bc7 {[%clk 01:16:33]} {[%emt 00:00:20]} Qxc7 {[%clk
00:34:08]} {[%emt 00:01:01]} 40. Qd1 {[%clk 01:16:42]} {[%emt 00:00:20]} Qxf4
{[%clk 00:33:39]} {[%emt 00:00:59]} 41. h3 {[%clk 01:16:43]} {[%emt 00:00:29]}
Qb4 {[%clk 00:32:03]} {[%emt 00:02:04]} 42. Bf3 {[%clk 01:16:26]} {[%emt
00:00:49]} Ra2 {[%clk 00:31:05]} {[%emt 00:01:29]} 43. Qc1 {[%clk 01:16:38]}
{[%emt 00:00:18]} Kg7 {[%clk 00:31:23]} {[%emt 00:00:11]} 44. Qc7 {[%clk
01:16:41]} {[%emt 00:00:26]} Rxb2 {[%clk 00:31:16]} {[%emt 00:00:38]} 45. Qe5+
{[%clk 01:16:47]} {[%emt 00:00:23]} Kh7 {[%clk 00:30:14]} {[%emt 00:01:32]} 46.
Qc7 {[%clk 01:16:01]} {[%emt 00:01:16]} Qe1+ {[%clk 00:30:29]} {[%emt
00:00:15]} 47. Kh2 {[%clk 01:16:21]} {[%emt 00:00:10]} Kg7 {[%clk 00:30:43]}
{[%emt 00:00:17]} 48. Qd6 {[%clk 01:15:39]} {[%emt 00:01:11]} Rb1 {[%clk
00:28:35]} {[%emt 00:02:38]} 49. Qc7 {[%clk 01:14:53]} {[%emt 00:01:16]} a5
{[%clk 00:28:53]} {[%emt 00:00:12]} 50. Qd6 {[%clk 01:13:39]} {[%emt 00:01:44]}
b5 {[%clk 00:27:38]} {[%emt 00:01:45]} 51. Be4 {[%clk 01:12:56]} {[%emt
00:01:12]} Qg1+ {[%clk 00:23:15]} {[%emt 00:04:54]} 52. Kg3 {[%clk 01:13:13]}
{[%emt 00:00:12]} Qe3+ {[%clk 00:23:41]} {[%emt 00:00:05]} 53. Kh2 {[%clk
01:13:26]} {[%emt 00:00:16]} Qa7 {[%clk 00:22:50]} {[%emt 00:01:22]} 54. d4
{[%clk 01:09:32]} {[%emt 00:04:24]} Rd1 {[%clk 00:19:34]} {[%emt 00:03:46]} 55.
Qe5+ {[%clk 01:10:01]} {[%emt 00:00:02]} Kg8 {[%clk 00:17:52]} {[%emt
00:02:11]} 56. Qxb5 {[%clk 01:10:01]} {[%emt 00:00:30]} Qxd4 {[%clk 00:17:54]}
{[%emt 00:00:28]} 0-1